000 01515nam a2200313Ia 4500
999 _c53805
_d53805
001 20856
003 GE_BSU
005 20210517123513.0
008 181216s ||||ge |||||||||||||| ||geo||
020 _a9789941134265
040 _cGE_BSU
041 _ageo
080 _a2:1(075.8) ბ-91
100 _aბრაჭული, ირაკლი
_910107
245 _aრელიგიის ფილოსოფია = Philosophy of Religion /
_cირაკლი ბრაჭული, დურა ნიკოლაე, ანასტასია ზაქარიაძე ; რედაქტორი ვალერიან რამიშვილი.
264 _aთბილისი :
_bთბილ. უნ-ტის გამ-ბა,
_c2015.
300 _a256 გვ. ;
_c 20 სმ.
500 _a სახელთა საძიებელი : გვ. 251-253
504 _aბიბლიოგრ. : გვ. 232-243
520 _aრეზიუმე ინგლისურ ენაზე
541 _h5ლ.70თ.
653 _aრელიგია
653 _aრელიგიის ფილოსოფია
653 _aფილოსოფია
700 _aდურა, ნიკოლაე
_eავტორი
_911801
700 _aზაქარიაძე, ანასტასია
_eავტორი
_910108
700 _aრამიშვილი, ვალერიან
_eრედაქტორი
_91173
942 _cBK
_2udc